000 00457nam a22001937a 4500
003 OSt
005 20241024153326.0
008 241024b |||||||| |||| 00| 0 eng d
040 _cMRSPTU
041 _aENG
082 _a632.77
_bSI-M
100 _aSingh, Sandeep
245 _aManagement of Fruit Flies on Fruit Crops in Punjab
250 _a1st Ed.
260 _aLudhiana
_bPAU
_c2017
300 _a64
650 _aAgriculture
942 _2ddc
_cBK
_n0
999 _c10374
_d10374